Equality Act (Record no. 84592)

MARC details
000 -LEADER
fixed length control field 00988cab a22002295a 4500
001 - CONTROL NUMBER
control field L158419
008 - FIXED-LENGTH DATA ELEMENTS--GENERAL INFORMATION
fixed length control field 150210e20150207xxk 000 0 eng d
035 ## - SYSTEM CONTROL NUMBER
System control number (Sirsi) u158419
041 0# - LANGUAGE CODE
Language code of text/sound track or separate title eng
100 1# - MAIN ENTRY--PERSONAL NAME
Personal name Heighton, Mark
245 00 - TITLE STATEMENT
Title Equality Act
Remainder of title Is the property indudustry complying
260 ## - PUBLICATION, DISTRIBUTION, ETC.
Date of publication, distribution, etc. 2015
490 ## - SERIES STATEMENT
Series statement Estates Gazette
Volume/sequential designation (1505) 7 February 2015, 92-94(3)
520 ## - SUMMARY, ETC.
Summary, etc. Looks at the growing obligations on the property industry of the Equality Act 2010 together with its predecessor, the Disability Discrimination Act 1995. Includes the six main parts of the 2010 Act that particularly affect property owners, the duty to make reasonable adjustments and the need to get a landlord's consent before carrying out any physical alterations.
590 ## - LOCAL NOTE (RLIN)
Local note KA
650 24 - SUBJECT ADDED ENTRY--TOPICAL TERM
Topical term or geographic name entry element EQUALITY ACT 2010
650 24 - SUBJECT ADDED ENTRY--TOPICAL TERM
Topical term or geographic name entry element DISABILITY DISCRIMINATION ACT 1995
651 #4 - SUBJECT ADDED ENTRY--GEOGRAPHIC NAME
Geographic name United Kingdom
690 ## - LOCAL SUBJECT ADDED ENTRY--TOPICAL TERM (OCLC, RLIN)
Topical term or geographic name as entry element Property management
9 (RLIN) 6262
690 ## - LOCAL SUBJECT ADDED ENTRY--TOPICAL TERM (OCLC, RLIN)
Topical term or geographic name as entry element Design & specification
9 (RLIN) 6234
942 ## - ADDED ENTRY ELEMENTS (KOHA)
Suppress in OPAC 0
Holdings
Withdrawn status Lost status Source of classification or shelving scheme Damaged status Not for loan Home library Current library Shelving location Date acquired Total Checkouts Full call number Barcode Date last seen Copy number Price effective from Koha item type
    Dewey Decimal Classification     London London Journal article 10/02/2015   L158419 158419-1001 06/08/2019 1 06/08/2019 Journal article